| 000 | 00000nas 2200000za 4500 |
| 001 | 9.862406 |
| 003 | CaOODSP |
| 005 | 20241203113644 |
| 007 | cr ||||||||||| |
| 008 | 180926d19681972oncux m o f0###|0eng|d |
| 040 | |aCaOODSP|beng |
| 043 | |an-cn--- |
| 086 | 1 |aEn36-508E-PDF |
| 130 | 0 |aReport series (Canada. Inland Waters Branch) |
| 245 | 00|aReport series - Inland Waters Branch |h[electronic resource]. |
| 260 | |aOttawa : |bInland Waters Branch, Dept. of Energy, Mines and Resources, |c1968-1972. |
| 310 | |aIrregular |
| 362 | 1 |aNo. 1-23. |
| 692 | 07|2gccst|aHydrology |
| 710 | 1 |aCanada. |bEnvironment Canada. |
| 710 | 1 |aCanada. |bInland Waters Branch. |
| 710 | 1 |aCanada. |bDepartment of Energy, Mines and Resources. |
| 785 | 00|tReport series - Inland Waters Directorate |w(CaOODSP)9.862410 |